000 01275pab a2200181 454500
008 180718b2000 xxu||||| |||| 00| 0 eng d
100 _aSiddhartha Prakash
245 _aPolitical economy of Kashmir since 1947
260 _c2000
300 _ap.2051-067
362 _a10 Jun
520 _aDiscourse on Kashmir has been polarised either in favour of secession from India, or in support of a union with India. However the nature of state intervention within Kashmir over the past 50 years is a critical missing link within academic discourse. A holistic analysis requires careful disentanglement from the evidence and a conclusion that is not biased to any one piece of the puzzle. Of course, this could result in an alternative hypothesis; one that may be a hybrid position and not necessarily a new perspective. A political economy framework sheds new light on the political intrigues that thwarted the welfare maximising benefits of the state's economic policies. Over time, this fuelled dissent, which mobilised into militancy, catalysed by several factors. - Reproduced
650 _aEconomics - Jammu and Kashmir
650 _aJammu and Kashmir - Economic conditions
650 _aEconomic conditions
773 _aEconomic and Political Weekly
909 _a45208
999 _c45208
_d45208